| 000 | 01818nam a22002177a 4500 | ||
|---|---|---|---|
| 999 |
_c60009 _d60009 |
||
| 003 | Ge_BSU | ||
| 005 | 20230530120339.0 | ||
| 008 | 230530s1938 ge ||||| |||| 00| 0 geo d | ||
| 041 | _ageo | ||
| 080 | _a904(479.22): 725.94(479.22)(09) მ-74 | ||
| 100 |
_aმელიქსეთ-ბეგი, ლეონ _918300 |
||
| 245 |
_aმეგალითური კულტურა საქართველოში : _b მასალები არქაიკული მონუმენტური ხელოვნების ისტორიისათვის = Мегалитическая культура в Грузии : Материалы для истории архаического монументального искусства = La culture megalitique en Georgie : Les materiaux pour l'histoire d'art archaique monumentale / _cლეონ მელიქსეთ-ბეგი; რედ. შ. ამირანაშვილი. |
||
| 264 |
_aთბილისი : _bფედერაცია-ს გამ-ბა და სტ., _c1938. |
||
| 300 |
_a140 გვ. : _b[31] ჩართ. ფურც. ტაბულ. ; _c23 სმ. |
||
| 500 | _aგაშლილი თავფურცელი და წინასიტყვაობა ქართულ, რუსულ და ფრანგულ ენებზე | ||
| 504 | _aბიბლიოგრ.: "ლიტერატურა" შენიშვნებში. | ||
| 520 | _aრეზიუმე რუსულ ენაზე | ||
| 653 | _aმეგალითური კულტურა საქართველოში. | ||
| 653 | _aარქაიკული მონუმენტური ხელოვნების ისტორია. | ||
| 942 |
_2udc _cBK |
||